| 000 | 00661nam a22002177a 4500 | ||
|---|---|---|---|
| 003 | 0 | ||
| 005 | 20250826112946.0 | ||
| 008 | 250826b xxu||||| |||| 00| 0 eng d | ||
| 020 | _a978-81-97953-29-3 | ||
| 050 |
_aHF 5823 _b.B76 2025 |
||
| 100 |
_aBrown, Henri, _eauthor. |
||
| 245 |
_aIntroduction to advertising theory / _cHenri Brown. |
||
| 250 | _aFirst edition. | ||
| 260 |
_aNew Delhi, India : _bVenus Books, _c2025. |
||
| 300 |
_axi, 284 pages ; _c24 cm. |
||
| 504 | _aIncludes bibliographical references and index. | ||
| 650 | _aAdvertising. | ||
| 650 |
_aAdvertising _xPhilosophy. |
||
| 650 |
_aAdvertising _xStudy and teaching. |
||
| 942 |
_2lcc _cBK |
||
| 999 |
_c367611 _d367611 |
||